Реакторы БН на ТЖМТ; Электроэнергетика глазами молодежи; Т. 2
| Parent link: | Электроэнергетика глазами молодежи: сборник докладов V международной молодежной научно-технической конференции, г. Томск, 10-14 ноября 2014 г./ Национальный исследовательский Томский политехнический университет (ТПУ) ; ред. кол. Р. А. Вайнштейн и [др.].— , 2014 Т. 2.— 2014.— [С. 345-348] |
|---|---|
| Main Author: | |
| Corporate Author: | |
| Other Authors: | |
| Summary: | Заглавие с титульного экрана |
| Language: | Russian |
| Published: |
2014
|
| Series: | Тепловые и атомные электростанции |
| Subjects: | |
| Online Access: | http://earchive.tpu.ru/handle/11683/69884 http://www.lib.tpu.ru/fulltext/c/2014/C86/V2/053.pdf |
| Format: | Electronic Book Chapter |
| KOHA link: | https://koha.lib.tpu.ru/cgi-bin/koha/opac-detail.pl?biblionumber=609734 |
MARC
| LEADER | 00000naa2a2200000 4500 | ||
|---|---|---|---|
| 001 | 609734 | ||
| 005 | 20260325155152.0 | ||
| 035 | |a (RuTPU)RU\TPU\conf\7262 | ||
| 090 | |a 609734 | ||
| 100 | |a 20141202d2014 k y0rusy50 ca | ||
| 101 | 0 | |a rus | |
| 102 | |a RU | ||
| 135 | |a drgn ---uucaa | ||
| 181 | 0 | |a i | |
| 182 | 0 | |a b | |
| 200 | 1 | |a Реакторы БН на ТЖМТ |f Д. Э. Вдовин |g науч. рук. С. В. Лавриненко | |
| 203 | |a Текст |c электронный | ||
| 225 | 1 | |a Тепловые и атомные электростанции | |
| 300 | |a Заглавие с титульного экрана | ||
| 320 | |a [Библиогр.: 348 (1 назв.)] | ||
| 337 | |a Adobe Reader | ||
| 461 | 1 | |0 (RuTPU)RU\TPU\conf\7165 |t Электроэнергетика глазами молодежи |o сборник докладов V международной молодежной научно-технической конференции, г. Томск, 10-14 ноября 2014 г. |o в 2 т. |f Национальный исследовательский Томский политехнический университет (ТПУ) ; ред. кол. Р. А. Вайнштейн и [др.] |d 2014 | |
| 463 | 0 | |0 (RuTPU)RU\TPU\conf\7172 |t Т. 2 |v [С. 345-348] |d 2014 | |
| 610 | 1 | |a труды учёных ТПУ | |
| 610 | 1 | |a электронный ресурс | |
| 610 | 1 | |a реакторы | |
| 610 | 1 | |a быстрые нейтроны | |
| 610 | 1 | |a ядерная энергетика | |
| 610 | 1 | |a жидкометаллические теплоносители | |
| 610 | 1 | |a тяжелые теплоносители | |
| 610 | 1 | |a теплоносители | |
| 610 | 1 | |a атомная энергетика | |
| 700 | 1 | |a Вдовин |b Д. Э. | |
| 702 | 1 | |a Лавриненко |b С. В. |c специалист в области теплоэнергетики |c старший преподаватель Томского политехнического университета |f 1986- |g Сергей Викторович |4 727 |9 14537 | |
| 712 | 0 | 2 | |a Национальный исследовательский Томский политехнический университет (ТПУ) |b Энергетический институт (ЭНИН) |b Кафедра атомных и тепловых электростанций (АТЭС) |3 (RuTPU)RU\TPU\col\18683 |
| 801 | 2 | |a RU |b 63413507 |c 20141124 |g RCR | |
| 801 | 2 | |a RU |b 63413507 |c 20220228 |g RCR | |
| 856 | 4 | |u http://earchive.tpu.ru/handle/11683/69884 | |
| 856 | 4 | |u http://www.lib.tpu.ru/fulltext/c/2014/C86/V2/053.pdf | |
| 942 | |c BK | ||